000 00440nam a2200097Ia 4500
008 180130s9999 xx 000 0 und d
245 _cDelot, Thierry; Ilarri, Sergio; Lecomte, Sylvain; Cenerario, Nicolas
_aSharing with caution: managing parking spaces in vehicular networks
260 _c2016
300 _aBook title: Mobile telecommunications technology--Acession number C20743; pages 59-97
650 _aMOBILE TELECOMMUNICATIONS TECHNOLOGY
999 _c354006
_d354006